| 000 | 00523nam a22001817a 4500 | ||
|---|---|---|---|
| 005 | 20230630104007.0 | ||
| 008 | 160808b2008 xxu||||| |||| 00| 0 spa d | ||
| 041 | _aESP | ||
| 082 | _aR 610.03 D545d | ||
| 245 | _aDiccionario de medicina | ||
| 260 |
_aEspaña _bOcéano _c2008 |
||
| 300 | _a1568 páginas | ||
| 505 | _aContiene disco compacto N° 452 | ||
| 505 | _aDisco compacto interactivo con ilustraciones, videos y glosario. | ||
| 650 |
_aDICCIONARIO _982047 |
||
| 650 |
_aTÉRMINOS MÉDICOS _982048 |
||
| 942 | _cREF | ||
| 999 |
_c8346 _d8346 |
||